Statistics for Desert Countries - Empty Map Quiz

Click here to take the quiz!

General Stats

  • This quiz has been taken 95 times
  • The average score is 44 of 50

Answers on the Map

Answers color-coded by a green-red scale on the quiz's map according to % correct below.
 

Answer Stats

Answer% Correct
Egypt
99%
United States
99%
Algeria
97%
Libya
97%
Chad
96%
Saudi Arabia
96%
Sudan
96%
Mali
95%
Morocco
95%
Niger
95%
Yemen
95%
China
93%
Mauritania
93%
Mexico
93%
Oman
93%
Russia
93%
Chile
92%
Iran
92%
Iraq
92%
Jordan
92%
Kazakhstan
92%
United Arab Emirates
92%
Argentina
91%
Australia
91%
Tunisia
91%
Ethiopia
89%
Mongolia
89%
Somalia
89%
Syria
89%
Turkmenistan
89%
Canada
88%
India
88%
Uzbekistan
88%
Eritrea
86%
South Africa
86%
Israel
85%
Kuwait
85%
Pakistan
85%
Namibia
84%
Afghanistan
82%
Kenya
82%
Qatar
82%
Djibouti
80%
Botswana
77%
Peru
77%
Senegal
74%
Angola
70%
Norway
58%
Finland
57%
Sweden
57%

Score Distribution

Percentile by Number Answered

Percent of People with Each Score

Your Score History

You have not taken this quiz